England 2024 European Championship Squad Clubs - Statistics

General Stats
  • This quiz has been taken 74 times
  • The average score is 61 of 94
Answer Stats
Player Time at Club Club % Correct
Aaron Ramsdale 2021- Arsenal
100%
Declan Rice 2023- Arsenal
100%
Bukayo Saka 2018- Arsenal
100%
Marc Guehi 2019-21 Chelsea
98%
Conor Gallagher 2019- Chelsea
98%
Cole Palmer 2023- Chelsea
98%
Kyle Walker 2017- Manchester City
98%
John Stones 2016- Manchester City
98%
Phil Foden 2017- Manchester City
98%
Kieran Trippier 2009-12 Manchester City
98%
Cole Palmer 2020-23 Manchester City
98%
Kieran Trippier 2022- Newcastle United
98%
Ivan Toney 2015-18 Newcastle United
98%
Anthony Gordon 2023- Newcastle United
98%
Kyle Walker 2009-17 Tottenham Hotspur
98%
Harry Kane 2009-23 Tottenham Hotspur
98%
Kieran Trippier 2015-19 Tottenham Hotspur
98%
Declan Rice 2015-23 West Ham United
98%
Jarrod Bowen 2020- West Ham United
98%
Jordan Pickford 2017- Everton
97%
John Stones 2013-16 Everton
97%
Anthony Gordon 2017-2023 Everton
97%
Dean Henderson 2015-23 Manchester United
97%
Luke Shaw 2014- Manchester United
97%
Kobbie Mainoo 2022- Manchester United
97%
Kyle Walker 2011 Aston Villa
95%
Ezri Konsa 2019- Aston Villa
95%
Ollie Watkins 2020- Aston Villa
95%
Trent Alexander-Arnold 2016- Liverpool
95%
Joe Gomez 2015- Liverpool
95%
Dean Henderson 2023- Crystal Palace
94%
Marc Guehi 2021- Crystal Palace
94%
Conor Gallagher 2021-22 Crystal Palace
94%
Eberechi Eze 2020- Crystal Palace
94%
Adam Wharton 2024- Crystal Palace
94%
Jude Bellingham 2023- Real Madrid
94%
Jude Bellingham 2019-20 Birmingham City
89%
Jude Bellingham 2020-23 Borussia Dortmund
89%
Lewis Dunk 2010- Brighton & Hove Albion
89%
Harry Kane 2023- Bayern Munich
88%
Ezri Konsa 2018-19 Brentford
84%
Ivan Toney 2020- Brentford
84%
Ollie Watkins 2017-20 Brentford
84%
Aaron Ramsdale 2015-17, 2020-21 Sheffield United
84%
Dean Henderson 2018-20 Sheffield United
84%
Kyle Walker 2008-09,2009-10 Sheffield United
84%
Harry Kane 2013 Leicester City
83%
Luke Shaw 2011-14 Southampton
80%
Harry Kane 2012-13 Norwich City
75%
Kyle Walker 2010-11 Queens Park Rangers
75%
Eberechi Eze 2016-20 Queens Park Rangers
75%
Kieran Trippier 2019-22 Atletico Madrid
73%
Jordan Pickford 2011-17 Sunderland
73%
Aaron Ramsdale 2017-20 Bournemouth
61%
Dean Henderson 2022-23 Nottingham Forest
61%
Kieran Trippier 2011-15 Burnley
59%
Jarrod Bowen 2014-20 Hull City
58%
Adam Wharton 2022-24 Blackburn Rovers
52%
Harry Kane 2012 Millwall
48%
Marc Guehi 2020-21 Swansea City
47%
Conor Gallagher 2020 Swansea City
47%
Conor Gallagher 2020-21 West Bromwich Albion
45%
John Stones 2011-13 Barnsley
39%
Kieran Trippier 2010-11 Barnsley
39%
Ivan Toney 2015-16 Barnsley
39%
Ezri Konsa 2016-18 Charlton Athletic
39%
Conor Gallagher 2019-20 Charlton Athletic
39%
Joe Gomez 2014-15 Charlton Athletic
39%
Jordan Pickford 2015-16 Preston North End
39%
Anthony Gordon 2021 Preston North End
39%
Lewis Dunk 2013 Bristol City
36%
Ollie Watkins 2014-17 Exeter City
34%
Ivan Toney 2018-20 Peterborough United
34%
Harry Kane 2011 Leyton Orient
31%
Kyle Walker 2008 Northampton Town
30%
Ivan Toney 2012-15 Northampton Town
30%
Jordan Pickford 2014-15 Bradford City
23%
Ivan Toney 2017-18 Wigan Athletic
23%
Eberechi Eze 2017-18 Wycombe Wanderers
23%
Aaron Ramsdale 2018 Chesterfield
22%
Dean Henderson 2017-18 Shrewsbury Town
22%
Ivan Toney 2016-17 Shrewsbury Town
22%
Aaron Ramsdale 2019 AFC Wimbledon
20%
Jordan Pickford 2014 Carlisle United
20%
Jordan Pickford 2012 Darlington
19%
Ollie Watkins 2014-15 Weston-super-Mare
19%
Jordan Pickford 2013 Burton Albion
13%
Ivan Toney 2017-18 Scunthorpe United
9%
Dean Henderson 2016-17 Grimsby Town
8%
Jarrod Bowen 2014 Hereford United
8%
Dean Henderson 2016 Stockport County
6%
Jordan Pickford 2013 Alfreton Town
3%
Lewis Dunk 2010 Bognor Regis Town
3%
Aaron Ramsdale 2015 Worksop Town
2%
No matching quizzes found
Score Distribution
Percent of People with Each Score
Percentile by Number Answered
Your Score History
You have not taken this quiz